000 01239nam a2200241 a 4500
003 Biblioteca Akishino
005 20260526193459.0
008 030416s2024 sp | ||| 1|spa
020 _a9788411485708
040 _aSpMaBN
_cSpMaBN
_erdc
041 1 _aspa
_hjpn
082 0 _a895.635
_bM678u.E 2024
100 1 _aMishima, Yukio,
_d1925-1970
_9205
240 1 0 _aUtsukushii hoshi.
_lEspañol
245 1 3 _aLa estrella más hermosa /
_cYukio Mishima ; traducción del japonés por Fernando Cordobés y Yoko Ogihara.
260 _aMadrid :
_bAlianza,
_c2024.
520 _aEscrita en 1962 y considerada por el propio Mishima como una de sus mejores novelas, "La estrella más hermosa" es una comedia negra que cuenta la historia de la familia Osugi, cuyos miembros se dan cuenta de que vienen cada uno de un planeta distinto. El padre procede de Marte, la madre de Júpiter, el hijo de Mercurio y la hija de Venus. Este conocimiento extraterrestre hace que se unan en una misión: encontrar a personas como ellos y salvar así a la humanidad de la bomba atómica.
650 7 _aNarrativa japonesa
_2LOCAL
_91368
655 0 _aNovela
_91469
700 1 _aCordobés, Fernando
_9779
700 1 _aOgihara, Yoko
_9778
942 _2ddc
_cLIBRO
999 _c936
_d936